| 000 | 00943nam a22002537a 4500 | ||
|---|---|---|---|
| 005 | 20170124102954.0 | ||
| 010 | _aA-514137 | ||
| 020 | _c30.00 | ||
| 035 | _aA-514137 | ||
| 037 | _bCen Lib/Ret | ||
| 040 |
_aDPL _bHN |
||
| 082 |
_a822 _bसहजा |
||
| 100 |
_aसहजानंद कर्ण _952603 |
||
| 245 |
_aदमनचक्र / _cसहजानंद कर्ण |
||
| 246 |
_aDamanchakra / _bby Sahajanand Karn |
||
| 260 |
_aदिल्ली _bसाहित्य सहकर _c2003 |
||
| 270 |
_bदिल्ली _aई-10/4, कृषणनगर _e110051 |
||
| 300 |
_a96पृ. _c18सेमी(सजिल्द) |
||
| 650 |
_aहिंदी साहित्य _952604 |
||
| 650 |
_aहिंदी साहित्य -- नाटक _952605 |
||
| 650 |
_aHindi literature _952606 |
||
| 650 |
_aHindi literature -- Drama _952607 |
||
| 942 |
_2ddc _cHN _h822 _mसहजा |
||
| 999 |
_c113513 _d113513 |
||